| 000 | 00444nam a2200181Ia 4500 | ||
|---|---|---|---|
| 003 | GCL | ||
| 008 | 140319s9999 xx 000 0 eng d | ||
| 040 |
_aGCL / _cGCL |
||
| 082 | 0 | 4 |
_aREF _b912 _bP A |
| 100 | 1 | _aPHILIP'S | |
| 245 | 1 | 0 |
_aATLAS OF THE WORLD / _cPHILIP'S |
| 260 |
_aانجلترا : _bPHILIP,S ، _c1996 |
||
| 300 |
_a24 CM ؛ _c176 P |
||
| 650 | 0 | 4 | _aATLASES |
| 650 | 0 | 4 | _aWORLD ATLAS |
| 650 | 0 | 4 | _aGEOGRAPHY |
| 942 |
_2ddc _cBK |
||
| 999 |
_c13881 _d13881 |
||